| 000 | 00755cam a2200265 4500500 | ||
|---|---|---|---|
| 005 | 20260405002007.0 | ||
| 041 | _afre | ||
| 042 | _adc | ||
| 100 | 1 | 0 |
_aEnjalbert, Cédric _eauthor |
| 245 | 0 | 0 | _aLe patient qui en savait trop |
| 260 | _c2015. | ||
| 500 | _a92 | ||
| 690 | _aAlain-Charles Masquelet | ||
| 690 | _aAutonomie | ||
| 690 | _aÉric Balez | ||
| 690 | _aGérard Reach | ||
| 690 | _aMédecin | ||
| 690 | _aMiguel Benasayag | ||
| 690 | _aPatient | ||
| 690 | _aPhilippe Barrier | ||
| 690 | _aRicœur | ||
| 690 | _aSylvie Fainzang | ||
| 786 | 0 | _nPhilosophie magazine | 90 | 6 | 2015-06-01 | p. 31-33 | 1951-1787 | |
| 856 | 4 | 1 | _uhttps://shs.cairn.info/magazine-philosophie-magazine-2015-6-page-31?lang=fr&redirect-ssocas=7080 |
| 999 |
_c2053089 _d2053089 |
||